000 00775nac a22002051u 4500
010 _a 2006932532
020 _a9780974423999 (ebk.)
082 _a621.3822
_bK1885
090 _c5084
_d5084
100 _aKarris, Steven T.
245 1 0 _aSignals and systems :
_bwith matlab computing and simulink modeling /
_cSteven T. Karris ; [edited by] Steven T. Karris.
250 _a3rd ed.
260 _aFremont, CA :
_bOrchard Publications,2007
_c2007.
300 _a1v.:
_bill.;
_c26 cm.
650 _aSignal processing
_xMathematics
650 _aSystem analysis
650 _aMatlab
942 _cTB
_k621.3822K1885
999 _c5084
_d5084